000 00391nam a2200145Ia 4500
008 230917s9999||||xx |||||||||||||| ||und||
040 _e99345
_aMAIN
041 _aEnglish
082 _a361 M352I
100 _aMarsh, David C, ed
245 0 _aIntroduction to the study of social administration
260 _aLondon
_bRoutledge & Kegan Paul
_c1965
300 _aviii, 248 p.
942 _cBK
999 _c183696
_d183696